LEADER 01970nas# 2200277 i 450 001 VAN00036207 005 20240806100400.687 011 $a0022-3891 100 $a20050516a1971 |0itac50 ba 101 $aeng 102 $aUS 105 $a|||| ||||| 110 $aaQ||||||||| 200 1 $aJournal of personality assessment$ethe official publication of the Society for personality assessment 210 $aHillsdale$cLawrence Erlbaum$d1971- 215 $avolumi$cill.$d23 cm 300 $aEditore, luogo di pubblicazione e formato variano 451 1$1001VAN00263354$12001 $aJournal of personality assessment$1210 $aMahwah$cErlbaum$d1971- 620 $dHillsdale$3VANL000140 712 $aErlbaum $3VANV108482$4650 801 $aIT$bSOL$c20241122$gRICA 899 $aBIBLIOTECA DEL DIPARTIMENTO DI PSICOLOGIA$1IT-CE0119$2VAN16$41995; 1998-2003; 2005-2006; lac. 1998; 2003;$cE-16D.2 ; 912 $aVAN00036207 950 $aBIBLIOTECA DEL DIPARTIMENTO DI PSICOLOGIA$b161995; 1998-2003; 2005-2006; lac. 1998; 2003;$d16PERIO E-16D.2 1995 $e16LET3656 20070326 $d16PERIO E-16D.2 1998 $e16LET6609 20070326 $d16PERIO E-16D.2 1999 $e16LET7435 20070326 $d16PERIO E-16D.2 2000 $e16LET8796 20070326 $d16PERIO E-16D.2 2001 $e16LET10673 20070326 $d16PERIO E-16D.2 2002 $e16VS 16 20070326 $d16PERIO E-16D.2 2003 $e16VS 554 20070326 $d16PERIO E-16D.2 2005 $e16VS 1008 20070326 $d16PERIO E-16D.2 2006 $e16VS 3343 20070326 996 $aJournal of personality assessment$91412072 997 $aUNICAMPANIA LEADER 00984nam0 22002411i 450 001 VAN00028024 005 20240806100337.162 100 $a20041117d1986 |0itac50 ba 101 $aita 102 $aIT 105 $a|||| ||||| 200 1 $aˆLa ‰città del levante$eciviltà urbana e architettura sotto gli Ottomani nei secoli 18.-19. / Maurice Cerasi 210 $aMilano$cJaca book$d1986 215 $a333 p., [24] c. di tav.$cill.$d23 cm. 620 $dMilano$3VANL000284 700 1$aCerasi$bMaurice$3VANV023289$0334283 712 $aJaca book $3VANV107918$4650 801 $aIT$bSOL$c20250117$gRICA 899 $aBIBLIOTECA DEL DIPARTIMENTO DI ARCHITETTURA E DISEGNO INDUSTRIALE$1IT-CE0107$2VAN01 912 $aVAN00028024 950 $aBIBLIOTECA DEL DIPARTIMENTO DI ARCHITETTURA E DISEGNO INDUSTRIALE$d01PREST IBa75(5) $e01 929 20050614 996 $aCittà del Levante$9810643 997 $aUNICAMPANIA